| 000 | 00681nam a2200205 i 4500 | ||
|---|---|---|---|
| 001 | 184970 | ||
| 003 | ES-MaACL | ||
| 005 | 20230906222324.0 | ||
| 008 | 160301s1985 sp |||| | spa d | ||
| 020 | _a84-7488-126-9 | ||
| 080 | _a017.41:378.4(460) | ||
| 245 | 0 | 0 | _aCatálogo de publicaciones universitarias españolas. |
| 250 | _a1ª ed. | ||
| 260 |
_aBellaterra : _bServei de Publicacions de la Universitat Autònoma de Barcelona, _c1985. |
||
| 300 |
_aV, 376 p. ; _c23 cm. |
||
| 650 | 4 |
_aPublicaciones universitarias- _zEspaña- _vCatálogos. _9158896 |
|
| 710 | 0 |
_aUniversidad Autónoma de Barcelona. _97055 |
|
| 852 |
_aES-MaACL _jL-11417 |
||
| 852 |
_aES-MaACL _jL-11253 |
||
| 999 |
_c184970 _d184970 |
||